Chanteurs et musiciens en G (par images). - Statistiques

Statistiques générales
  • Ce quiz a été pris 603 fois
  • Le résultat moyen est 13 sur 20
Statistiques - réponses
Par images Réponse % Correct
Garou
96%
Gims
96%
Kendji Girac
93%
Ariana Grande
91%
David Guetta
88%
Grand Corps Malade
88%
Gold
86%
Jean-Jacques Goldman
86%
Selena Gomez
84%
Serge Gainsbourg
84%
France Gall
72%
Grégoire
70%
Gazo
60%
Chantal Goya
56%
Gradur
40%
Guns N' Roses
31%
Marvin Gaye
24%
Green Day
19%
Juliette Greco
11%
Gala
7%
Aucun quiz correspondant
Distribution des résultats
% des personnes avec chaque résultat
Percentile par nombre de réponses
Votre historique - résultats
Vous n’avez pas pris ce quiz